000 00881nam a2200229Ia 4500
001 17953
003 GE_BSU
008 181216s||||||||xx |||||||||||||| ||und||
040 _cGE_BSU
080 _a821.353.1.09
100 _aნიჟარაძე, შოთა
245 _aლიტერატურულ-ენათმეცნიერული ნარკვევები
245 _cრედ.:გ.შარაძე
260 _aბათუმი
260 _bსაბჭ. აჭარა
260 _c1982
300 _a84გვ. ; 20სმ.
653 _aლიტერატურულ-ენათმეცნიერული ნარკვევები.
653 _aქართული ენა
653 _aქართული ლიტერატურის ისტორია და კრიტიკა
942 _cBK
999 _c50996
_d50996